[Event "Titled Tuesday intern op 16th Apr Early"]
[Site "Chess.com INT"]
[Date "2024.04.16"]
[Round "10"]
[White "Salem, AR Saleh"]
[Black "Timerkhanov, Alexander"]
[Result "1-0"]
[WhiteElo "2629"]
[BlackElo "2311"]
[PlyCount "57"]
[EventDate "2024.04.16"]
[EventType "swiss (blitz)"]
[EventRounds "11"]
[EventCountry "USA"]
[SourceTitle "CB17_2024"]
[SourceDate "2024.04.24"]
[SourceVersion "1"]
[SourceVersionDate "2024.04.24"]
[SourceQuality "1"]

1. d4 d5 2. Nf3 Nf6 3. e3 c6 4. Bd3 Bg4 5. Nbd2 e6 6. c4 Nbd7 7. Qc2 Be7 8. b3 Bh5 9. Bb2 Bg6 10. Bxg6 hxg6 11. 0-0 Bd6 12. h3 Qe7 13. e4 dxe4 14. Nxe4 Nxe4 15. Qxe4 a5 16. Rad1 0-0 17. Rfe1 Nf6 18. Qh4 Nh5 19. Qxe7 Bxe7 20. d5 cxd5 21. cxd5 Nf4 22. dxe6 Nxe6 23. Rd7 Bb4 24. Rxe6 fxe6 25. Rxg7+ Kh8 26. Rxb7+ Kg8 27. Rg7+ Kh8 28. Nh4 e5 29. Bxe5 1-0

[Event "Titled Tuesday intern op 16th Apr Early"]
[Site "Chess.com INT"]
[Date "2024.04.16"]
[Round "4"]
[White "Timerkhanov, Alexander"]
[Black "Molina Carretero, Daniel"]
[Result "1-0"]
[WhiteElo "2311"]
[BlackElo "2174"]
[PlyCount "105"]
[EventDate "2024.04.16"]
[EventType "swiss (blitz)"]
[EventRounds "11"]
[EventCountry "USA"]
[SourceTitle "CB17_2024"]
[SourceDate "2024.04.24"]
[SourceVersion "1"]
[SourceVersionDate "2024.04.24"]
[SourceQuality "1"]

1. d4 Nf6 2. Bg5 e6 3. Nd2 h6 4. Bh4 d5 5. e3 Be7 6. Bd3 b6 7. Ngf3 Bb7 8. Ne5 Nbd7 9. Bxf6 gxf6 10. Nef3 f5 11. 0-0 Nf6 12. Ne5 Rg8 13. Bb5+ Kf8 14. f4 Qd6 15. Bd3 c5 16. c3 Rg7 17. Qf3 Ne4 18. Bxe4 fxe4 19. Qh5 Bf6 20. Qxh6 Ke7 21. f5 Rag8 22. g3 cxd4 23. cxd4 Rh8 24. Qxh8 Rxg3+ 25. hxg3 Bxh8 26. fxe6 Bxe5 27. Rxf7+ Kxe6 28. dxe5 Qb4 29. Rf6+ Kxe5 30. Raf1 Bc8 31. Nb3 Qe7 32. Nd4 Qxf6 33. Rxf6 Kxf6 34. Kg2 Bd7 35. b4 a6 36. a3 Ke5 37. Ne2 Bb5 38. Nd4 Bd7 39. Kf2 Kd6 40. Ke1 a5 41. bxa5 bxa5 42. Kd2 Kc5 43. Kc3 Kd6 44. Ne2 Ke5 45. Nd4 Kd6 46. Nb3 a4 47. Nd4 Kc5 48. Ne2 Kd6 49. Kb4 Ke5 50. Nd4 Be8 51. Kc5 Bd7 52. Ne2 Bg4 53. Nc3 1-0

[Event "Titled Tuesday intern op 12th Mar Late"]
[Site "Chess.com INT"]
[Date "2024.03.12"]
[Round "2"]
[White "Timerkhanov, Alexander"]
[Black "Tari, Aryan"]
[Result "0-1"]
[WhiteElo "2308"]
[BlackElo "2631"]
[PlyCount "124"]
[EventDate "2024.03.12"]
[EventType "swiss (blitz)"]
[EventRounds "11"]
[EventCountry "USA"]
[SourceTitle "CB12_2024"]
[SourceDate "2023.10.01"]
[SourceVersion "1"]
[SourceVersionDate "2023.10.01"]
[SourceQuality "1"]

1. d4 d5 2. Nf3 Nf6 3. g3 Bf5 4. Bg2 e6 5. 0-0 h6 6. c4 c6 7. Qb3 Qb6 8. Nc3 Nbd7 9. c5 Qxb3 10. axb3 a6 11. b4 Rc8 12. Bf4 g5 13. Be5 Rg8 14. Bxf6 Nxf6 15. Ne5 Be7 16. e3 Bd8 17. f4 Bc7 18. Rae1 gxf4 19. exf4 h5 20. Bf3 h4 21. Kf2 Ke7 22. Rg1 Rg7 23. g4 Bxe5 24. Rxe5 Nxg4+ 25. Bxg4 Rxg4 26. Rxg4 Bxg4 27. Rg5 Bf5 28. Nd1 a5 29. bxa5 Rh8 30. Ne3 Be4 31. b4 Kf6 32. Ng4+ Ke7 33. Ne3 h3 34. Kg3 Kf8 35. Ng4 Bf5 36. Nf6 Rh6 37. Rg8+ Ke7 38. Ng4 Rh7 39. Ne3 Bd3 40. Rb8 Ba6 41. Rg8 Bd3 42. Rb8 Rg7+ 43. Kxh3 Ba6 44. f5 Rg1 45. fxe6 fxe6 46. Ng4 Rd1 47. Ne5 Rxd4 48. b5 cxb5 49. c6 Kd6 50. Rd8+ Kc7 51. Rd7+ Kc8 52. Re7 Re4 53. cxb7+ Bxb7 54. Nf7 Kb8 55. Rxb7+ Kxb7 56. Nd6+ Ka6 57. Nxe4 dxe4 58. Kg3 b4 59. h4 b3 60. h5 b2 61. h6 b1Q 62. h7 Qb2 0-1

[Event "Moscow Aeroflot op-A"]
[Site "Moscow"]
[Date "2024.03.06"]
[Round "7"]
[White "Timerkhanov, Alexander"]
[Black "Ashraf, Artin"]
[Result "1/2-1/2"]
[WhiteElo "2308"]
[BlackElo "2399"]
[PlyCount "92"]
[EventDate "2024.03.03"]
[EventType "swiss"]
[EventRounds "9"]
[EventCountry "RUS"]
[SourceTitle "CB11_2024"]
[SourceDate "2024.03.13"]
[SourceVersion "1"]
[SourceVersionDate "2024.03.13"]
[SourceQuality "1"]

1. Nf3 d5 2. g3 Nd7 3. d4 Nb6 4. Bg2 Bf5 5. 0-0 e6 6. a4 a5 7. b3 h6 8. Bb2 Nf6 9. Nbd2 Be7 10. Ne5 0-0 11. c4 c6 12. Rc1 Nbd7 13. Nd3 Ne4 14. f3 Nxd2 15. Qxd2 Bg5 16. e3 Qb6 17. f4 Be7 18. Qd1 Nf6 19. c5 Qa6 20. Ne5 Be4 21. Bh3 Rac8 22. g4 g6 23. Bc3 Bd8 24. Be1 h5 25. g5 Nh7 26. Rf2 Bc7 27. Bf1 Qa7 28. Nd3 Rfd8 29. Rb2 Nf8 30. b4 axb4 31. a5 Ra8 32. Ra1 Bxd3 33. Qxd3 Bxa5 34. Rba2 b6 35. cxb6 Qxb6 36. Ra4 Ra7 37. Bxb4 Bxb4 38. Rxa7 c5 39. R7a6 Qc7 40. Ra7 Qb8 41. Ra8 Qxa8 42. Rxa8 Rxa8 43. Qb5 Bd2 44. Qd3 Bb4 45. Qb5 Bd2 46. Qd3 Bb4 1/2-1/2

[Event "Titled Tuesday intern op 13th Feb Early"]
[Site "Chess.com INT"]
[Date "2024.02.13"]
[Round "4"]
[White "Timerkhanov, Alexander"]
[Black "Ai, Evan Zihao"]
[Result "1-0"]
[WhiteElo "2308"]
[BlackElo "2188"]
[PlyCount "131"]
[EventDate "2024.02.13"]
[EventType "swiss (blitz)"]
[EventRounds "11"]
[EventCountry "USA"]
[SourceTitle "CB08_2024"]
[SourceDate "2024.02.21"]
[SourceVersion "1"]
[SourceVersionDate "2024.02.21"]
[SourceQuality "1"]

1. d4 Nf6 2. Bg5 d5 3. Nd2 Bf5 4. e3 Nbd7 5. c4 e6 6. Qb3 Qc8 7. Rc1 c6 8. Ngf3 a5 9. Bd3 a4 10. Qc2 Bxd3 11. Qxd3 a3 12. b3 Be7 13. 0-0 h6 14. Bh4 0-0 15. Ne5 Qd8 16. Bxf6 Bxf6 17. f4 Bxe5 18. fxe5 f5 19. exf6 Rxf6 20. e4 Qa5 21. e5 Rxf1+ 22. Rxf1 Rf8 23. Rc1 Qb6 24. Nf3 c5 25. cxd5 cxd4 26. dxe6 Qxe6 27. Qxd4 Re8 28. Re1 Rc8 29. Qe3 Re8 30. h3 Qd5 31. Qe4 Qc5+ 32. Kh1 b5 33. e6 Nf6 34. Qe5 Qc2 35. Re2 Qb1+ 36. Kh2 b4 37. e7 Qg6 38. Qe6+ Qf7 39. Qd6 Nh5 40. Qxb4 Nf4 41. Re4 Nd5 42. Qxa3 Rxe7 43. Rxe7 Nxe7 44. Qd6 Nf5 45. Qb8+ Kh7 46. a4 Ne3 47. Qe5 Qxb3 48. a5 Nc4 49. Qe4+ Kh8 50. a6 Qb8+ 51. Kh1 Nd6 52. Qd3 Nb5 53. Nh4 Nc7 54. Ng6+ Kg8 55. Ne7+ Kh8 56. Qg6 Qa8 57. Nf5 Qf8 58. a7 Na8 59. Qe6 Qg8 60. Qe5 Qf8 61. Nxh6 Qf1+ 62. Kh2 Kh7 63. Nf5 Kg6 64. Nh4+ Kh7 65. Qe4+ Kg8 66. Nf3 1-0

[Event "Titled Tuesday intern op 06th Feb Early"]
[Site "Chess.com INT"]
[Date "2024.02.06"]
[Round "1"]
[White "Darmanin, Jake"]
[Black "Timerkhanov, Alexander"]
[Result "0-1"]
[WhiteElo "2091"]
[BlackElo "2308"]
[PlyCount "72"]
[EventDate "2024.02.06"]
[EventType "swiss (blitz)"]
[EventRounds "11"]
[EventCountry "USA"]
[SourceTitle "CB07_2024"]
[SourceDate "2024.02.14"]
[SourceVersion "1"]
[SourceVersionDate "2024.02.14"]
[SourceQuality "1"]

1. e4 c5 2. Nf3 a6 3. c3 d5 4. exd5 Nf6 5. d4 cxd4 6. Qxd4 Qxd5 7. Qxd5 Nxd5 8. Nbd2 Nc6 9. Nc4 b5 10. Nce5 Nxe5 11. Nxe5 Bb7 12. Be2 f6 13. Nd3 e5 14. 0-0 Bd6 15. Rd1 Ke7 16. Bf3 Rhd8 17. Bd2 h6 18. Be1 f5 19. Nf4 Nxf4 20. Bxb7 Ra7 21. Bf3 e4 22. g3 Nd3 23. Be2 Nxb2 24. Rd5 Ke6 25. Rd4 Rad7 26. Rb1 Ba3 27. Rxd7 Rxd7 28. Kf1 g5 29. f3 e3 30. f4 g4 31. Kg2 Kd5 32. h3 h5 33. hxg4 hxg4 34. Rc1 Ke4 35. Rc2 Nc4 36. Bf1 Rd1 0-1

[Event "Titled Tuesday intern op 06th Feb Early"]
[Site "Chess.com INT"]
[Date "2024.02.06"]
[Round "4"]
[White "Timerkhanov, Alexander"]
[Black "Khazhatuly, Alikhan"]
[Result "1-0"]
[WhiteElo "2308"]
[BlackElo "1958"]
[PlyCount "91"]
[EventDate "2024.02.06"]
[EventType "swiss (blitz)"]
[EventRounds "11"]
[EventCountry "USA"]
[SourceTitle "CB07_2024"]
[SourceDate "2024.02.14"]
[SourceVersion "1"]
[SourceVersionDate "2024.02.14"]
[SourceQuality "1"]

1. d4 d5 2. Bf4 Nf6 3. e3 Bf5 4. c4 e6 5. Nc3 Bd6 6. Bxd6 Qxd6 7. cxd5 exd5 8. Qb3 b6 9. Nf3 0-0 10. Be2 Nbd7 11. 0-0 c6 12. Rac1 Rac8 13. Qa4 Rc7 14. h3 Ne4 15. Nxe4 Bxe4 16. Rfd1 Bxf3 17. Bxf3 Re8 18. Rc3 Re6 19. Rdc1 g6 20. b4 b5 21. Qa6 Nb6 22. Rc5 Na4 23. R5c2 Nb6 24. g3 Qxb4 25. Rc5 Qd2 26. R1c2 Qe1+ 27. Kg2 Rf6 28. Rxb5 Rxf3 29. Rxb6 Rxg3+ 30. Kxg3 axb6 31. Qxb6 Qg1+ 32. Kf3 Qd1+ 33. Kg2 Qxc2 34. Qxc7 Qe4+ 35. Kg3 Qc2 36. Qb8+ Kg7 37. a3 h5 38. h4 Qb3 39. Qxb3 Kf6 40. a4 Kf5 41. a5 Ke4 42. a6 Kf5 43. a7 f6 44. a8Q Ke4 45. Qc8 f5 46. Qe6# 1-0

[Event "Titled Tuesday intern op 16th Jan Early"]
[Site "Chess.com INT"]
[Date "2024.01.16"]
[Round "2"]
[White "Martinez Alcantara, Jose Eduardo"]
[Black "Timerkhanov, Alexander"]
[Result "1-0"]
[WhiteElo "2610"]
[BlackElo "2308"]
[PlyCount "83"]
[EventDate "2024.01.16"]
[EventType "swiss (blitz)"]
[EventRounds "11"]
[EventCountry "USA"]
[SourceTitle "CB04_2024"]
[SourceDate "2023.10.16"]
[SourceVersion "1"]
[SourceVersionDate "2023.10.16"]
[SourceQuality "1"]

1. e4 c5 2. Nf3 a6 3. c3 d5 4. exd5 Nf6 5. d4 cxd4 6. cxd4 Nxd5 7. Nc3 Nc6 8. Bc4 e6 9. 0-0 Be7 10. Bd3 Nf6 11. Bg5 0-0 12. a3 b5 13. Bc2 Bb7 14. Qd3 g6 15. Rad1 Nd5 16. Bh6 Re8 17. Ne4 Rc8 18. Bb1 b4 19. Nc5 Qb6 20. Rc1 a5 21. Nxb7 Qxb7 22. Ba2 Bf6 23. h4 bxa3 24. bxa3 Qb2 25. Rc2 Ncb4 26. Qxg6+ hxg6 27. Rxb2 Nxa2 28. Rxa2 Rc4 29. Rd2 Rb8 30. Ra1 Rb3 31. Kh2 Ra4 32. Rc1 Raxa3 33. Rc8+ Kh7 34. Bg5 Kg7 35. Ne5 Rb7 36. Rdc2 Bxg5 37. hxg5 Ra4 38. Ra8 Nc7 39. Rd8 Rab4 40. Rc3 a4 41. Rh3 Rb8 42. Rd7 1-0

[Event "Titled Tuesday intern op 16th Jan Early"]
[Site "Chess.com INT"]
[Date "2024.01.16"]
[Round "8"]
[White "Timerkhanov, Alexander"]
[Black "Jaiveer, Mahendru"]
[Result "1-0"]
[WhiteElo "2308"]
[BlackElo "2294"]
[PlyCount "55"]
[EventDate "2024.01.16"]
[EventType "swiss (blitz)"]
[EventRounds "11"]
[EventCountry "USA"]
[SourceTitle "CB04_2024"]
[SourceDate "2023.10.16"]
[SourceVersion "1"]
[SourceVersionDate "2023.10.16"]
[SourceQuality "1"]

1. d4 Nf6 2. Bg5 Ne4 3. h4 d5 4. Nd2 Nc6 5. Nxe4 dxe4 6. e3 Qd5 7. Ne2 Qa5+ 8. c3 e5 9. h5 exd4 10. Bf4 d3 11. Ng3 f5 12. f3 Bd6 13. fxe4 fxe4 14. Nxe4 Bxf4 15. exf4 Bf5 16. Qxd3 Rd8 17. Qe3 0-0 18. Bc4+ Kh8 19. Ng5 Nd4 20. 0-0 Nc2 21. Qe7 Qb6+ 22. Kh1 Ra8 23. Nf7+ Rxf7 24. Qxf7 Nxa1 25. Qxf5 Qxb2 26. Bd3 g6 27. Qf6+ Kg8 28. Bc4# 1-0

[Event "Titled Tuesday intern op 16th Jan Early"]
[Site "Chess.com INT"]
[Date "2024.01.16"]
[Round "11"]
[White "Timerkhanov, Alexander"]
[Black "Pranav, Anand"]
[Result "0-1"]
[WhiteElo "2308"]
[BlackElo "2513"]
[PlyCount "100"]
[EventDate "2024.01.16"]
[EventType "swiss (blitz)"]
[EventRounds "11"]
[EventCountry "USA"]
[SourceTitle "CB04_2024"]
[SourceDate "2023.10.16"]
[SourceVersion "1"]
[SourceVersionDate "2023.10.16"]
[SourceQuality "1"]

1. d4 Nf6 2. Bg5 c5 3. d5 Ne4 4. h4 Qb6 5. Nd2 h6 6. Bf4 Nf6 7. e4 d6 8. Nc4 Qd8 9. e5 dxe5 10. Nxe5 Qxd5 11. Bb5+ Nbd7 12. Qe2 Qd4 13. Nh3 a6 14. Rd1 Qb4+ 15. c3 Qxb5 16. Nc4 e6 17. Bd6 Be7 18. Bxe7 Kxe7 19. Nf4 Rd8 20. g4 Qc6 21. f3 Nb6 22. Ne5 Rxd1+ 23. Kxd1 Qd6+ 24. Kc1 Nfd5 25. Nxd5+ Qxd5 26. Rd1 Qxa2 27. Qe3 Qa1+ 28. Kc2 Qa4+ 29. Kc1 Qb5 30. Qf4 f6 31. Ng6+ Kf7 32. Nh8+ Ke8 33. Qd6 Qxb2+ 34. Kxb2 Nc4+ 35. Kb3 Nxd6 36. Rxd6 Bd7 37. Ng6 Rc8 38. Rb6 Bc6 39. Nf4 Kf7 40. Kc4 g5 41. hxg5 hxg5 42. Nd3 Bxf3 43. Nxc5 Rc7 44. Kb4 Bxg4 45. Nxb7 Bf5 46. Nd6+ Kg6 47. c4 g4 48. c5 g3 49. Kc4 g2 50. Rb8 g1Q 0-1

[Event "Titled Tuesday intern op 09th Jan Early"]
[Site "Chess.com INT"]
[Date "2024.01.09"]
[Round "2"]
[White "Narayanan, Sunilduth Lyna"]
[Black "Timerkhanov, Alexander"]
[Result "1/2-1/2"]
[WhiteElo "2694"]
[BlackElo "2308"]
[PlyCount "109"]
[EventDate "2024.01.09"]
[EventType "swiss (blitz)"]
[EventRounds "11"]
[EventCountry "USA"]
[SourceTitle "CB03_2024"]
[SourceDate "2024.01.17"]
[SourceVersion "1"]
[SourceVersionDate "2024.01.17"]
[SourceQuality "1"]

1. b3 d5 2. Bb2 Nf6 3. e3 g6 4. c4 c6 5. Nf3 Bg7 6. g3 0-0 7. Bg2 a5 8. Nc3 Ne4 9. Qc2 Bf5 10. Nxe4 Bxe4 11. Qc1 Bxb2 12. Qxb2 dxc4 13. bxc4 b5 14. cxb5 cxb5 15. 0-0 Na6 16. Rfc1 Nb4 17. Ne1 Bxg2 18. Kxg2 Qd5+ 19. Kg1 Rfc8 20. a3 Nd3 21. Nxd3 Qxd3 22. Rab1 Rab8 23. h4 Rd8 24. Rc5 b4 25. Rxa5 bxa3 26. Qxb8 Rxb8 27. Rxb8+ Kg7 28. Rba8 Qxd2 29. Rxa3 Qd1+ 30. Kh2 Qf3 31. Ra2 h6 32. R8a4 g5 33. Rd2 e6 34. Rad4 Kf6 35. Kg1 Kg6 36. hxg5 hxg5 37. e4 e5 38. Rd6+ f6 39. Ra6 Qxe4 40. Rdd6 Qe1+ 41. Kg2 Qe4+ 42. Kh2 Qf3 43. Rxf6+ Qxf6 44. Rxf6+ Kxf6 45. Kg2 Kf5 46. Kf3 e4+ 47. Ke2 Ke5 48. Ke3 Kd5 49. f3 exf3 50. Kxf3 Ke5 51. Kg4 Kf6 52. Kh5 Kf5 53. Kh6 Kg4 54. Kg6 Kxg3 55. Kxg5 1/2-1/2

[Event "Titled Tuesday intern op 09th Jan Early"]
[Site "Chess.com INT"]
[Date "2024.01.09"]
[Round "3"]
[White "Timerkhanov, Alexander"]
[Black "Radjabov, Teimour"]
[Result "0-1"]
[WhiteElo "2308"]
[BlackElo "2723"]
[PlyCount "72"]
[EventDate "2024.01.09"]
[EventType "swiss (blitz)"]
[EventRounds "11"]
[EventCountry "USA"]
[SourceTitle "CB03_2024"]
[SourceDate "2024.01.17"]
[SourceVersion "1"]
[SourceVersionDate "2024.01.17"]
[SourceQuality "1"]

1. d4 Nf6 2. Bg5 c6 3. Nd2 Qa5 4. Bxf6 exf6 5. c3 d5 6. e3 f5 7. g3 Nd7 8. Bg2 Nf6 9. Ne2 Be7 10. 0-0 Be6 11. Nf4 Bd6 12. Qc2 g5 13. Nd3 h5 14. c4 h4 15. Ne5 Bxe5 16. dxe5 Ng4 17. Nf3 dxc4 18. Nxg5 Qxe5 19. Qc3 Qxc3 20. bxc3 0-0-0 21. e4 fxe4 22. Nxe4 Bd5 23. Ng5 hxg3 24. hxg3 Rh5 25. Bxd5 cxd5 26. f4 Rdh8 27. Rfe1 f6 28. Nf7 R8h7 29. Re7 Rh1+ 30. Kg2 Rxf7 31. Rxf7 Rxa1 32. Kf3 Nh2+ 33. Kg2 Rxa2+ 34. Kh3 d4 35. cxd4 c3 36. Rxf6 c2 0-1

[Event "Titled Tuesday intern op 09th Jan Early"]
[Site "Chess.com INT"]
[Date "2024.01.09"]
[Round "10"]
[White "Timerkhanov, Alexander"]
[Black "Zou, Chen"]
[Result "0-1"]
[WhiteElo "2308"]
[BlackElo "2449"]
[PlyCount "86"]
[EventDate "2024.01.09"]
[EventType "swiss (blitz)"]
[EventRounds "11"]
[EventCountry "USA"]
[SourceTitle "CB03_2024"]
[SourceDate "2024.01.17"]
[SourceVersion "1"]
[SourceVersionDate "2024.01.17"]
[SourceQuality "1"]

1. d4 d6 2. Bg5 c6 3. c3 Qa5 4. Bh4 Nf6 5. Nd2 Nbd7 6. Ngf3 g6 7. e4 Bg7 8. Bd3 Nh5 9. 0-0 h6 10. Re1 g5 11. Bg3 Nxg3 12. hxg3 g4 13. Nh4 Qg5 14. Nf1 h5 15. Ne3 e6 16. d5 Ne5 17. Bf1 Qe7 18. c4 Bf6 19. dxc6 bxc6 20. b4 Rg8 21. b5 cxb5 22. cxb5 Bb7 23. Nc4 Nxc4 24. Bxc4 Bxa1 25. Qxa1 0-0-0 26. a4 Kb8 27. a5 Rc8 28. Bd3 Rg5 29. a6 Ba8 30. Rb1 Rgc5 31. b6 axb6 32. Rxb6+ Ka7 33. Rb1 Qg5 34. Kh2 Qd2 35. Qd4 Qa5 36. Qxd6 Qd8 37. e5 Qxd6 38. exd6 Rd5 39. Be4 Rxd6 40. Bxa8 Kxa8 41. Rb7 Rf8 42. Re7 Rxa6 43. f3 Ra7 0-1

[Event "Titled Tuesday intern op 19th Dec Early"]
[Site "Chess.com INT"]
[Date "2023.12.19"]
[Round "3"]
[White "Timerkhanov, Alexander"]
[Black "Drygalov, Sergey"]
[Result "0-1"]
[WhiteElo "2308"]
[BlackElo "2547"]
[PlyCount "48"]
[EventDate "2023.12.19"]
[EventType "swiss (blitz)"]
[EventRounds "11"]
[EventCountry "USA"]
[SourceTitle "CB52_2023"]
[SourceDate "2023.12.27"]
[SourceVersion "1"]
[SourceVersionDate "2023.12.27"]
[SourceQuality "1"]

1. d4 Nf6 2. Bg5 e6 3. Nd2 d5 4. e3 Be7 5. Bd3 c5 6. c3 Nbd7 7. f4 h6 8. Bxf6 Nxf6 9. Ngf3 Qb6 10. Rb1 Bd7 11. Qe2 Ba4 12. 0-0 c4 13. Nxc4 dxc4 14. Bxc4 a6 15. Ne5 Bb5 16. e4 Bxc4 17. Nxc4 Qb5 18. b3 0-0 19. f5 exf5 20. Rxf5 Qc6 21. e5 Nd5 22. Qf3 g6 23. Qg3 b5 24. Nd6 Qxc3 0-1

[Event "Titled Tuesday intern op 19th Dec Early"]
[Site "Chess.com INT"]
[Date "2023.12.19"]
[Round "2"]
[White "Timerkhanov, Alexander"]
[Black "Napoli, Nicolo"]
[Result "1-0"]
[WhiteElo "2308"]
[BlackElo "2270"]
[PlyCount "121"]
[EventDate "2023.12.19"]
[EventType "swiss (blitz)"]
[EventRounds "11"]
[EventCountry "USA"]
[SourceTitle "CB52_2023"]
[SourceDate "2023.12.27"]
[SourceVersion "1"]
[SourceVersionDate "2023.12.27"]
[SourceQuality "1"]

1. d4 d5 2. Nf3 Nf6 3. g3 e6 4. Bg2 Bd6 5. 0-0 0-0 6. Bg5 b6 7. Nbd2 h6 8. Bxf6 Qxf6 9. e4 Qd8 10. c4 Bb7 11. cxd5 exd5 12. e5 Be7 13. Re1 Bb4 14. a3 Bxd2 15. Nxd2 Qe7 16. f4 c5 17. f5 Qg5 18. f6 gxf6 19. Nf3 Qg6 20. Nh4 Qg5 21. dxc5 fxe5 22. Nf3 Qg7 23. Nxe5 bxc5 24. Bxd5 Bxd5 25. Qxd5 Na6 26. Re4 Kh8 27. Rf1 Nc7 28. Qd7 f6 29. Qxg7+ Kxg7 30. Nd7 Rf7 31. Nxc5 Rb8 32. b4 Rb5 33. Rg4+ Kf8 34. Rd1 Ke7 35. Re4+ Kf8 36. Rd8+ Kg7 37. Rg4+ Kh7 38. Rgg8 a6 39. g4 a5 40. Rh8+ Kg6 41. Nd3 axb4 42. axb4 Kg5 43. Kg2 Rd5 44. Rxd5+ Nxd5 45. Kg3 Kg6 46. Rd8 Nb6 47. Rd6 Nc4 48. Rc6 Ne3 49. Ne5+ Kg7 50. Nxf7 Kxf7 51. b5 Nd5 52. b6 Ne7 53. Rc7 Kg6 54. b7 f5 55. Rxe7 f4+ 56. Kxf4 h5 57. Rc7 hxg4 58. b8Q g3 59. Qb6+ Kh5 60. Rc5+ Kh4 61. Qh6# 1-0

[Event "Titled Tuesday intern op 12th Dec Early"]
[Site "Chess.com INT"]
[Date "2023.12.12"]
[Round "3"]
[White "Mitrabha, Guha"]
[Black "Timerkhanov, Alexander"]
[Result "1-0"]
[WhiteElo "2508"]
[BlackElo "2308"]
[PlyCount "119"]
[EventDate "2023.12.12"]
[EventType "swiss (blitz)"]
[EventRounds "11"]
[EventCountry "USA"]
[SourceTitle "CB51_2023"]
[SourceDate "2023.12.20"]
[SourceVersion "1"]
[SourceVersionDate "2023.12.20"]
[SourceQuality "1"]

1. Nf3 d5 2. d4 Nf6 3. Bf4 c5 4. e3 Nc6 5. Nbd2 Nh5 6. Be5 e6 7. c3 f6 8. Bg3 g6 9. Bb5 Bd7 10. 0-0 Nxg3 11. hxg3 cxd4 12. exd4 Bd6 13. Re1 Kf7 14. Bd3 Kg7 15. Nf1 Re8 16. Ne3 Rc8 17. Qd2 Ne7 18. Ng4 Nf5 19. Bxf5 exf5 20. Qh6+ Kg8 21. Ne3 Be6 22. Re2 Bf7 23. Rae1 Qc7 24. Qh4 Be7 25. Qh6 Qd7 26. a3 b5 27. Nh2 a5 28. g4 Bf8 29. Qf4 Bd6 30. Qf3 Bxh2+ 31. Kxh2 Qd6+ 32. g3 fxg4 33. Nxg4 Kg7 34. Kg2 Rxe2 35. Rxe2 Re8 36. Rxe8 Bxe8 37. Qe3 Bd7 38. Qh6+ Kg8 39. Ne3 Be6 40. Qh1 b4 41. axb4 axb4 42. Qa1 bxc3 43. bxc3 Qc6 44. Qa5 h5 45. Kg1 Kg7 46. Ng2 g5 47. Ne3 Kg6 48. Qb4 h4 49. gxh4 gxh4 50. Qb1+ Kg7 51. Qb4 h3 52. Qe7+ Kg6 53. f4 Bf7 54. f5+ Kg7 55. Ng4 Qa6 56. Kh2 Qa2+ 57. Kxh3 Qa6 58. Qe3 Qf1+ 59. Kg3 Qa1 60. Qh6+ 1-0

[Event "Titled Tuesday intern op 12th Dec Early"]
[Site "Chess.com INT"]
[Date "2023.12.12"]
[Round "7"]
[White "Timerkhanov, Alexander"]
[Black "Azali, Tannaz"]
[Result "1-0"]
[WhiteElo "2308"]
[BlackElo "2099"]
[PlyCount "109"]
[EventDate "2023.12.12"]
[EventType "swiss (blitz)"]
[EventRounds "11"]
[EventCountry "USA"]
[SourceTitle "CB51_2023"]
[SourceDate "2023.12.20"]
[SourceVersion "1"]
[SourceVersionDate "2023.12.20"]
[SourceQuality "1"]

1. d4 Nf6 2. Bg5 d5 3. Nd2 e6 4. e3 Be7 5. f4 0-0 6. Bxf6 Bxf6 7. Bd3 c5 8. c3 Nc6 9. Ngf3 b6 10. 0-0 g6 11. Qe2 Bb7 12. g4 Bg7 13. h4 f6 14. h5 e5 15. dxe5 fxe5 16. hxg6 e4 17. Nxe4 dxe4 18. Bc4+ Kh8 19. Ng5 h6 20. Nf7+ Rxf7 21. gxf7 Na5 22. Be6 Qh4 23. Kg2 Nc6 24. Rad1 Qe7 25. Bd5 Rd8 26. g5 Na5 27. Bxb7 Nxb7 28. gxh6 Bf6 29. Qh5 Rf8 30. Rd5 Qxf7 31. Qxf7 Rxf7 32. Rfd1 Kh7 33. Rd7 Nd8 34. Rxd8 Bxd8 35. Rxd8 Kxh6 36. Re8 Rd7 37. Rxe4 Rd2+ 38. Kf3 Rxb2 39. a4 Kg6 40. Re6+ Kf7 41. Rc6 Rb3 42. Rc7+ Ke6 43. Rxa7 Rxc3 44. Ra6 Rb3 45. a5 Kd5 46. Rxb6 Ra3 47. a6 c4 48. Ke2 Ra2+ 49. Kd1 Ke4 50. Rd6 Kxe3 51. f5 c3 52. f6 Rf2 53. a7 Rf1+ 54. Kc2 Ra1 55. f7 1-0

[Event "Titled Tuesday intern op 14th Nov Early"]
[Site "Chess.com INT"]
[Date "2023.11.14"]
[Round "4"]
[White "Gutierrez Olivares, Daniel"]
[Black "Timerkhanov, Alexander"]
[Result "0-1"]
[WhiteElo "2354"]
[BlackElo "2308"]
[PlyCount "58"]
[EventDate "2023.11.14"]
[EventType "swiss (blitz)"]
[EventRounds "11"]
[EventCountry "USA"]
[SourceTitle "CB47_2023"]
[SourceDate "2023.11.22"]
[SourceVersion "1"]
[SourceVersionDate "2023.11.22"]
[SourceQuality "1"]

1. Nf3 d5 2. g3 Nf6 3. Bg2 g6 4. d3 Bg7 5. 0-0 0-0 6. Nbd2 c5 7. e4 Nc6 8. Re1 a5 9. a4 b6 10. c3 Ba6 11. exd5 Nxd5 12. Nc4 e6 13. Qb3 Rb8 14. Bg5 Qd7 15. Rad1 h6 16. Bc1 Rfe8 17. Nce5 Nxe5 18. Nxe5 Qc7 19. Ng4 h5 20. Nh6+ Kf8 21. Bxd5 exd5 22. Bf4 Qd7 23. f3 Rxe1+ 24. Rxe1 Rb7 25. Qc2 f6 26. g4 g5 27. Nf5 gxf4 28. Qd2 hxg4 29. fxg4 Qf7 0-1

[Event "Titled Tuesday intern op 14th Nov Early"]
[Site "Chess.com INT"]
[Date "2023.11.14"]
[Round "1"]
[White "Timerkhanov, Alexander"]
[Black "Manon Og, Ramon Jr"]
[Result "1-0"]
[WhiteElo "2308"]
[BlackElo "1966"]
[PlyCount "97"]
[EventDate "2023.11.14"]
[EventType "swiss (blitz)"]
[EventRounds "11"]
[EventCountry "USA"]
[SourceTitle "CB47_2023"]
[SourceDate "2023.11.22"]
[SourceVersion "1"]
[SourceVersionDate "2023.11.22"]
[SourceQuality "1"]

1. d4 Nf6 2. Bg5 e6 3. Nd2 d5 4. e3 Be7 5. Bd3 0-0 6. f4 c5 7. c3 Nc6 8. Ngf3 Qc7 9. 0-0 h6 10. Bxf6 Bxf6 11. Ne5 b6 12. Qh5 Ne7 13. g4 Bxe5 14. fxe5 Bd7 15. g5 Nf5 16. Bxf5 exf5 17. Nf3 Qc6 18. gxh6 Qxh6 19. Qxh6 gxh6 20. Nh4 Kh7 21. Nxf5 Rg8+ 22. Ng3 Be6 23. Rf4 Rg6 24. a4 cxd4 25. exd4 a6 26. Raf1 Rc8 27. Kf2 Rc4 28. Ra1 Rg4 29. Rxg4 Bxg4 30. Nf1 Bd7 31. a5 b5 32. Ne3 Rc6 33. Nxd5 Kg7 34. Nb4 Rg6 35. Rg1 Bc8 36. Rxg6+ Kxg6 37. Ke3 Kf5 38. Nd3 Kg4 39. d5 Kh3 40. Nc5 Kxh2 41. Kf2 Kh3 42. d6 Kg4 43. d7 Bxd7 44. Nxd7 Kf5 45. Nc5 Kxe5 46. Nxa6 Kd5 47. Nb4+ Kc5 48. Nd3+ Kc6 49. Ne5+ 1-0